| 000 | 00559nam a2200217Ia 4500 | ||
|---|---|---|---|
| 005 | 20241129115529.0 | ||
| 008 | 241129s9999||||xx |||||||||||||| ||und|| | ||
| 020 | _a9781470437312 | ||
| 037 | _aTB | ||
| 040 |
_aSDCL _beng _cSDCL |
||
| 041 |
_aeng _2eng |
||
| 084 |
_aB6:3 Q5 _qSDCL |
||
| 100 |
_aMaclagan Diane _9727672 |
||
| 245 | 0 | _aIntroduction to tropical geometry | |
| 260 |
_aHyderabad _bUniversity Press(India) _c2015 |
||
| 300 | _a363p. | ||
| 365 |
_aINR _b0 |
||
| 650 | _aGift | ||
| 942 |
_cTB _hB6:3 Q5 |
||
| 999 |
_c1230839 _d1230839 |
||